000 01300cad a22002535a 4500
001 L137719
008 070425e20070412xxkbo f 000 0 eng d
035 _a(Sirsi) u137719
041 0 _aeng
050 0 4 _a711.40956 $2 22
100 1 _aHome, Rob
245 0 0 _aLand readjustment as a global land tool
_bfocus on the Middle East
_h[electronic resource]
260 _aLondon
_bRICS
_c2007
490 0 _aRICS Findings in Built and Rural Environments
520 _aProvides a background to land readjustment in order to raise awareness of its possibilities in the English-speaking world. Explains that the informal and organic growth of cities is that they periodically require radical change to their physical structures. Argues that the means by which land can be reassembled for urban development has become a worldwide need. Uses examples in the Middle East to illustrate its arguments.
590 _aKA
610 2 4 _aLONDON DOCKLANDS DEVELOPMENT CORPORATION
650 2 4 _aPLANNING AND COMPULSORY PURCHASE ACT 2004
650 2 4 _a1921 TOWN PLANNING ORDINANCE LAND READJUSTMENT PROVISIONS
651 4 _aInternational
690 _aPROPERTY-PROPERTY DEVELOPMENT
856 4 0 _uhttps://www.rics.org/site/scripts/download_info.aspx?downloadID=3134
_zBroken link - not available
942 _n0
999 _c106883
_d106883